Eclectic word chain 4 - Strictly Alphabetical - Statistics

General Stats
  • This quiz has been taken 21 times
  • The average score is 15 of 26
Answer Stats
Hint Answer % Correct
Equestrian ball sport, reversed Olop
89%
Captain who travelled "Twenty Thousand Leagues Under the Sea" Nemo
78%
Archaic form of "you" Thou
78%
Medical imaging technique Xray
78%
Semitic people mainly living in North Africa and Middle East Arab
72%
Mispelled enough Enuf
67%
Beat with a lash or whip, especially on a ship Flog
67%
Midline of boat bottom Keel
67%
Alternative abbreviation for "perquisite" Perq
67%
What an oarsman does Rows
67%
Shaka was one, also in NATO alphabet Zulu
67%
A group of countries or parties who have an alliance Bloc
61%
Scenery, usually from a vantage point View
61%
Misspelled works Worx
61%
Very serious or urgent Dire
56%
Someone who has made a pilgrimage to Mecca Haji
56%
Misspelled image Imaj
56%
Fertile soil containing humus Loam
56%
Dirty, unpleasant, coating grime Crud
50%
Sudden quick change of direction Jink
44%
A person's appearance as an indication of their mood Mien
44%
Speaking with exaggerated enthusiam Gush
33%
Latin for "seek" Quir
33%
Badger's burrow Sett
33%
Yiddish for "dumb jerk" Yutz
28%
French for came to, came with, arrived, reversed Unev
11%
No matching quizzes found
Score Distribution
Percent of People with Each Score
Percentile by Number Answered
Your Score History
You have not taken this quiz